• 首页
  • 本馆介绍
  • 公告通知
  • 最新文献
  • 馆藏检索
  • 电子资源
  • 读者导购
  • 参考咨询
  • 我的图书馆
  • 登录
  • 详细信息显示
  • 放入我的书架
  • 预约/预借图书
  • 作者相关作品
  • 分类相关作品
  • 丛书相关作品
  • 出版社相关作品

书目信息

  • 表格格式
  • 工作单格式
  • 卡片格式
题名:
全国进出口商品检验鉴定人员培训教材
    
 
作者: 王新 主编 ;国家质量监督检验检疫总局检验监管司 编
分册: 三   检验鉴定知识
出版信息: 北京   中国档案出版社  2006
页数: 206页
开本: 26cm
丛书名:
单 册:
中图分类: F752.6
科图分类:
主题词: 对外贸易--世界
电子资源:
ISBN: 7-80166-661-5
000 01160nam0 2200229 450
001 0754752836
005 20070716155329.15
010    @a7-80166-661-5@dCNY35.00
100    @a20070715d2006 km y0chiy0120 ea
101 0  @achi
102    @aCN@b110000
200 1  @a全国进出口商品检验鉴定人员培训教材@Aquan guo jin chu kou shang pin jian yan jian ding ren yuan pei xun jiao cai@h三@i检验鉴定知识@f王新主编@Fwang xin zhu bian@g国家质量监督检验检疫总局检验监管司编@Gguo jia zhi liang jian du jian yan jian yi zong ju jian yan jian guan si bian
210    @a北京@c中国档案出版社@d2006
215    @a206页@d26cm
300    @a《全国进出口商品检验鉴定人员培训教材》共四册。本册为《检验鉴定知识》。共五章,第一章进出口商品数/重量鉴定;第二章进出商品残损鉴定;第三章进出口商品装运技术条件鉴定;第四章监视装卸;第五章其它近出口商品鉴定业务。
517 1  @a检验鉴定知识@Ajian yan jian ding zhi shi
606 0  @a对外贸易@x世界
690    @aF752.6@v3
701  0 @a王新@Awang xin@4主编
712 02 @a国家质量监督检验检疫总局检验监管司@Aguo jia zhi liang jian du jian yan jian yi zong ju jian yan jian guan si@4编
801  0 @aCN@bPFT@c20070716
905    @a10447@dF752.6@e20:3
    
    全国进出口商品检验鉴定人员培训教材.三.检验鉴定知识/王新主编/国家质量监督检验检疫总局检验监管司编.-北京:中国档案出版社,2006
    206页;26cm
    《全国进出口商品检验鉴定人员培训教材》共四册。本册为《检验鉴定知识》。共五章,第一章进出口商品数/重量鉴定;第二章进出商品残损鉴定;第三章进出口商品装运技术条件鉴定;第四章监视装卸;第五章其它近出口商品鉴定业务。
    
    ISBN 7-80166-661-5:CNY35.00
    
●
相关链接 在E读中查询图书 在五车中查询图书 在当当中查询图书 在豆瓣中查询图书


正题名:全国进出口商品检验鉴定人员培训教材     索取号:F752.6/20:3         预约/预借

序号 登录号 条形码 馆藏地/架位号 状态 备注
1 0778066   207780668   第一样本阅览室/ [索取号:F752.6/20:3] 在馆    
唐山师范学院图书馆 欢迎您!
大连网信软件有限公司© 版权所有